[Event "MNT op 5th"]
[Site "Sozina"]
[Date "2004.02.21"]
[Round "4"]
[White "Djukic, Nikola"]
[Black "Puric, Nenad"]
[Result "1-0"]
[WhiteElo "2448"]
[BlackElo "2321"]
[PlyCount "73"]
[EventDate "2004.02.18"]
[EventType "swiss"]
[EventRounds "9"]
[EventCountry "MNE"]
[SourceTitle "CBM 098 Extra"]
[Source "ChessBase"]
[SourceDate "2004.03.10"]
[SourceVersion "2"]
[SourceVersionDate "2004.03.10"]
[SourceQuality "1"]

1. e4 e5 2. Nf3 Nc6 3. Bb5 a6 4. Ba4 Nf6 5. 0-0 b5 6. Bb3 Be7 7. Re1 d6 8. c3 0-0 9. h3 Be6 10. d4 Bxb3 11. axb3 exd4 12. cxd4 d5 13. e5 Ne4 14. Nbd2 Nxd2 15. Bxd2 a5 16. Qc2 Ra6 17. Rec1 h6 18. Qf5 Qc8 19. Qh5 Qe6 20. Be3 f5 21. exf6 Rxf6 22. Re1 Qf5 23. Qxf5 Rxf5 24. Rec1 Bd6 25. Ne1 Rf7 26. g3 Ne7 27. f4 g5 28. Nd3 Nf5 29. Kf2 gxf4 30. gxf4 a4 31. Ne5 Rg7 32. Rc3 b4 33. Rd3 a3 34. bxa3 Rxa3 35. Rxa3 bxa3 36. Rd1 Rg3 37. Ra1 1-0